000 nam a22 7a 4500
999 _c10299
_d10299
008 180213b ||||| |||| 00| 0 eng d
100 _aBhannot, D P
_96264
245 _aEnglish grammer -VII
260 _aNew Delhi
_bHoly Faith Publication
_c2012